Online
Catalog

Población y mano de obra en la República Dominicana : (Record no. 51653)

MARC details
000 -CABECERA
campo de control de longitud fija 01675nam a2200313 a 4500
003 - IDENTIFICADOR DEL NÚMERO DE CONTROL
campo de control DO-SdBNP
005 - FECHA Y HORA DE LA ÚLTIMA TRANSACCIÓN
campo de control 20240318114956.0
007 - CAMPO FIJO DE DESCRIPCIÓN FÍSICA--INFORMACIÓN GENERAL
campo de control de longitud fija ta
008 - DATOS DE LONGITUD FIJA--INFORMACIÓN GENERAL
campo de control de longitud fija 220506e1983 dr ad||fr|||| 001 0 spa d
040 ## - FUENTE DE LA CATALOGACIÓN
Centro catalogador/agencia de origen DO-SdBNP
Lengua de catalogación spa
Centro/agencia transcriptor BNPHU
082 #4 - NÚMERO DE LA CLASIFICACIÓN DECIMAL DEWEY
Número de edición 22
Número de documento/Ítem R1731p
100 1# - ENTRADA PRINCIPAL--NOMBRE DE PERSONA
9 (RLIN) 7129
Nombre de persona Ramírez, Nelson
245 10 - MENCIÓN DE TÍTULO
Título Población y mano de obra en la República Dominicana :
Resto del título perspectivas de la fuerza de trabajo y del empleo-desempleo en el período 1980-1990 /
Mención de responsabilidad, etc. Nelson Ramírez, Antonio Tatis, Diana Germán; Editor, Denis Mota alvarez
260 ## - PUBLICACIÓN, DISTRIBUCIÓN, ETC.
Lugar de publicación, distribución, etc. Santo Domingo :
Nombre del editor, distribuidor, etc. PROFAMILIA,
Fecha de publicación, distribución, etc. 1983
300 ## - DESCRIPCIÓN FÍSICA
Extensión x, 104 p. :
Otras características físicas il., gráf.
Dimensiones 28 cm.
500 ## - NOTA GENERAL
Nota general Incluye bibliografía y notas al pié de páginas.
504 ## - NOTA DE BIBLIOGRAFÍA, ETC.
Nota de bibliografía, etc. Bibliografía: p. 35- 36
505 0# - NOTA DE CONTENIDO CON FORMATO
Nota de contenido con formato Introducción.--
Título I. Descripción de las principales características de la fuerza de trabajo en el período 1960 - 1980.--
-- II. Proyección de la oferta de mano de obra, 1980 - 1990.--
-- III. Proyección de la demanda de mano de obra, 1980- 1990.--
-- IV. Conclusión: implicaciones de los requerimientos y disponibilidades proyectados de mano de obra.--
-- Bibliografía.--
-- Anexo. Tablas y Gráficos.
590 ## - NOTA LOCAL (RLIN)
Nota local Inventariado 2022 / MF
650 #4 - PUNTO DE ACCESO ADICIONAL DE MATERIA--TÉRMINO DE MATERIA
9 (RLIN) 38792
Término de materia o nombre geográfico como elemento de entrada República Dominicana
Subdivisión general Proyección de población
650 #4 - PUNTO DE ACCESO ADICIONAL DE MATERIA--TÉRMINO DE MATERIA
9 (RLIN) 20484
Término de materia o nombre geográfico como elemento de entrada Crecimiento de Empleo
Subdivisión geográfica República Dominicana
650 #4 - PUNTO DE ACCESO ADICIONAL DE MATERIA--TÉRMINO DE MATERIA
9 (RLIN) 77120
Término de materia o nombre geográfico como elemento de entrada Mano de Obra
Subdivisión general Proyecciones
Subdivisión geográfica República Dominicana
650 #4 - PUNTO DE ACCESO ADICIONAL DE MATERIA--TÉRMINO DE MATERIA
9 (RLIN) 49076
Término de materia o nombre geográfico como elemento de entrada Oferta y demanda
Subdivisión de forma Mano de obra
Subdivisión cronológica 1980- 1990
700 1# - PUNTO DE ACCESO ADICIONAL--NOMBRE DE PERSONA
9 (RLIN) 9667
Nombre de persona Tatis, Antonio
700 1# - PUNTO DE ACCESO ADICIONAL--NOMBRE DE PERSONA
Nombre de persona Germán, Diana
9 (RLIN) 81561
710 2# - PUNTO DE ACCESO ADICIONAL--NOMBRE DE ENTIDAD CORPORATIVA
Nombre de entidad corporativa o nombre de jurisdicción como elemento de entrada Instituto de Estudios de Población y Desarrollo (República Dominicana)
9 (RLIN) 70393
910 ## - DATOS DE OPCIÓN DEL USUARIO (OCLC)
Datos de opción del usuario MFeliz
942 ## - ELEMENTOS DE PUNTO DE ACCESO ADICIONAL (KOHA)
Fuente del sistema de clasificación o colocación Dewey Decimal Classification
Tipo de ítem Koha Libro
Holdings
Estado de retiro Estado de pérdida Fuente del sistema de clasificación o colocación Restricciones de uso No para préstamo Código de colección Localización permanente Ubicación/localización actual Ubicación en estantería Fecha de adquisición Fuente de adquisición Total de préstamos Signatura topográfica completa Código de barras Fecha visto por última vez Precio válido a partir de Tipo de ítem Koha
    Dewey Decimal Classification Excluido de préstamo   Patrimonio Dominicano Biblioteca Nacional Pedro Henríquez Ureña Biblioteca Nacional Pedro Henríquez Ureña Depósito 06.07.2018 Donado por CERTV   R1731p 2022-1833 06.05.2022 06.05.2022 Libro

Powered by Koha